[Event "London Menchik Memorial Blitz op 3rd"]
[Site "London"]
[Date "2024.09.03"]
[Round "3"]
[White "Pollack, Oscar"]
[Black "Cancedda Dupuis, Livio"]
[Result "0-1"]
[WhiteElo "2002"]
[BlackElo "2193"]
[PlyCount "64"]
[EventDate "2024.09.03"]
[EventType "swiss (blitz)"]
[EventRounds "14"]
[EventCountry "ENG"]
[SourceTitle "EXT 2025"]
[Source "ChessBase"]
[SourceDate "2024.10.14"]
[SourceVersion "1"]
[SourceVersionDate "2024.10.14"]
[SourceQuality "1"]

1. e4 c5 2. Nc3 Nc6 3. Bb5 e6 4. Bxc6 bxc6 5. d3 d5 6. Nf3 Nf6 7. 0-0 Be7 8. e5 Nd7 9. Re1 0-0 10. b3 f6 11. Ba3 fxe5 12. Na4 Qc7 13. c4 Bd6 14. Ng5 Nb6 15. Nxc5 Qe7 16. Qh5 h6 17. Ngxe6 Bxe6 18. Nxe6 Qxe6 19. c5 Rf5 20. Qg4 Bf8 21. cxb6 Bxa3 22. b7 Rb8 23. Qa4 Bc5 24. d4 Bb6 25. Rac1 Rxb7 26. Rxc6 Qd7 27. Rec1 Bxd4 28. Qa6 Rxf2 29. Kh1 Rb6 30. Rc8+ Kh7 31. Qd3+ Qf5 32. Qb5 Rxb5 0-1

[Event "London Menchik Memorial Blitz op 3rd"]
[Site "London"]
[Date "2024.09.03"]
[Round "14"]
[White "Pollack, Oscar"]
[Black "Manmay, Chopra"]
[Result "1-0"]
[WhiteElo "2002"]
[BlackElo "2056"]
[PlyCount "105"]
[EventDate "2024.09.03"]
[EventType "swiss (blitz)"]
[EventRounds "14"]
[EventCountry "ENG"]
[SourceTitle "EXT 2025"]
[Source "ChessBase"]
[SourceDate "2024.10.14"]
[SourceVersion "1"]
[SourceVersionDate "2024.10.14"]
[SourceQuality "1"]

1. e4 e6 2. d4 d5 3. Nc3 Nf6 4. e5 Nfd7 5. f4 c5 6. Nf3 Nc6 7. Be3 a6 8. Qd2 b5 9. dxc5 Bxc5 10. Bd3 Qb6 11. Bf2 Bxf2+ 12. Qxf2 Qxf2+ 13. Kxf2 Nc5 14. Ne2 f6 15. Ned4 Nxd4 16. Nxd4 fxe5 17. fxe5 0-0+ 18. Kg3 Bd7 19. Rhf1 b4 20. Rf3 Rxf3+ 21. gxf3 g6 22. h4 Be8 23. a3 Rb8 24. b3 Kf7 25. axb4 Rxb4 26. c3 Rb6 27. Bc2 Bb5 28. h5 Bd3 29. b4 Bxc2 30. bxc5 Rb2 31. c6 Ke7 32. Rxa6 Bf5 33. Ra7+ Kd8 34. c7+ Kc8 35. Nc6 Rb7 36. Ne7+ Kxc7 37. Rxb7+ Kxb7 38. hxg6 hxg6 39. Kf4 Kc7 40. Kg5 Kd7 41. Nxg6 Bc2 42. Kf6 Bf5 43. Nf4 Bc2 44. Nxe6 Ke8 45. Nf4 Bb3 46. e6 Kd8 47. Nh5 Kc7 48. e7 Ba4 49. Ng7 Kd6 50. e8Q Bxe8 51. Nxe8+ Kc5 52. Ng7 Kc4 53. Ke5 1-0

[Event "London Mindsports blitz op 4th"]
[Site "London"]
[Date "2024.07.23"]
[Round "8"]
[White "Badacsonyi, Stanley Ethan Artie"]
[Black "Pollack, Oscar"]
[Result "1-0"]
[WhiteElo "2306"]
[BlackElo "1958"]
[PlyCount "71"]
[EventDate "2024.07.23"]
[EventType "swiss (blitz)"]
[EventRounds "14"]
[EventCountry "ENG"]
[SourceTitle "CBM 221 Extra"]
[Source "ChessBase"]
[SourceDate "2024.09.30"]
[SourceVersion "1"]
[SourceVersionDate "2024.09.30"]
[SourceQuality "1"]

1. d4 b5 2. e4 Bb7 3. Nd2 a6 4. Ngf3 e6 5. a4 b4 6. Bd3 c5 7. dxc5 Bxc5 8. 0-0 Nf6 9. Re1 d5 10. Qe2 Nc6 11. exd5 Nxd5 12. Ne4 Be7 13. Neg5 Qd6 14. Ne4 Qd7 15. Be3 h6 16. Rad1 Qc7 17. Bc4 Nf4 18. Bxf4 Qxf4 19. Ng3 0-0 20. Rd7 Na5 21. Bxe6 Bxf3 22. Qxf3 Qxf3 23. gxf3 fxe6 24. Rxe7 Rxf3 25. R1xe6 Nc4 26. b3 Na3 27. Rc6 Raf8 28. Rcc7 R3f7 29. Rxf7 Rxf7 30. Rc8+ Kh7 31. Nf1 Rf3 32. Ne3 Rf4 33. Rc6 Nb1 34. Rxa6 Nd2 35. Rb6 Rg4+ 36. Nxg4 1-0

[Event "BCF-chT3W 2324 (4NCL)"]
[Site "England"]
[Date "2024.03.09"]
[Round "7.31"]
[White "Vaidyanathan, Adithya"]
[Black "Pollack, Oscar"]
[Result "0-1"]
[WhiteElo "2041"]
[BlackElo "2088"]
[PlyCount "98"]
[EventDate "2023.11.18"]
[EventType "team-tourn"]
[EventRounds "11"]
[EventCountry "ENG"]
[SourceTitle "EXT 2025"]
[Source "ChessBase"]
[SourceDate "2024.10.14"]
[SourceVersion "1"]
[SourceVersionDate "2024.10.14"]
[SourceQuality "1"]
[WhiteTeam "Warwicks Select II"]
[BlackTeam "Barnet Knights II"]
[WhiteTeamCountry "ENG"]
[BlackTeamCountry "ENG"]

1. Nf3 Nf6 2. d4 g6 3. c4 Bg7 4. Nc3 0-0 5. e4 d6 6. h3 e5 7. Be3 exd4 8. Nxd4 Re8 9. f3 Nh5 10. Bf2 Nc6 11. Nxc6 bxc6 12. g4 Nf4 13. Qd2 Qf6 14. Be3 Ne6 15. f4 Nd4 16. Bg2 c5 17. e5 dxe5 18. Bxa8 exf4 19. Ne4 Nf3+ 20. Kd1 Rxe4 21. Bxe4 Nxd2 22. Bxd2 Qd4 23. Re1 Be6 24. Rc1 Bxc4 25. Rc3 Bxa2 26. Rd3 Qa4+ 27. Kc1 Bd4 28. Ra3 Qc4+ 29. Bc2 Qd5 30. Be4 Bxb2+ 31. Kd1 Bb3+ 32. Rxb3 Qxb3+ 33. Bc2 Qf3+ 34. Re2 Bc3 35. Be4 Qxh3 36. Bg2 Qd3 37. Be4 Qd4 38. Bc6 Bxd2 39. Rxd2 Qg1+ 40. Kc2 Qxg4 41. Bd7 Qg3 42. Bc6 f3 43. Rd8+ Kg7 44. Rd3 Qh2+ 45. Rd2 f2 46. Bb5 Qg1 47. Rd1 Qe1 48. Bf1 a5 49. Bb5 a4 0-1

[Event "BCF-chT 2324 (4NCL)"]
[Site "England"]
[Date "2024.02.10"]
[Round "5.3"]
[White "Hunt, Harriet"]
[Black "Pollack, Oscar"]
[Result "1-0"]
[WhiteElo "2306"]
[BlackElo "2088"]
[PlyCount "167"]
[EventDate "2023.11.11"]
[EventType "team-tourn"]
[EventRounds "11"]
[EventCountry "ENG"]
[SourceTitle "CBM 219 Extra"]
[Source "ChessBase"]
[SourceDate "2024.05.31"]
[SourceVersion "1"]
[SourceVersionDate "2024.05.31"]
[SourceQuality "1"]
[WhiteTeam "Wood Green"]
[BlackTeam "Barnet Knights"]
[WhiteTeamCountry "ENG"]
[BlackTeamCountry "ENG"]

1. e4 e6 2. d4 d5 3. Nd2 Nf6 4. e5 Nfd7 5. c3 c5 6. Bd3 Nc6 7. Ne2 cxd4 8. cxd4 f6 9. exf6 Nxf6 10. Nf3 Bd6 11. 0-0 Qc7 12. Bg5 0-0 13. Rc1 Bd7 14. Bh4 Nh5 15. Qc2 h6 16. Bg3 Nxg3 17. hxg3 Be8 18. Qd2 Qe7 19. Qe3 e5 20. dxe5 Nxe5 21. Nxe5 Qxe5 22. Qd2 Qf6 23. Bb1 Bf7 24. Rc3 Rfe8 25. Rf3 Qe5 26. Nc3 d4 27. Qd3 g6 28. Rxf7 Kxf7 29. Qxg6+ Ke7 30. Qh7+ Kd8 31. Ne4 Re7 32. Qg8+ Re8 33. Qf7 Qe6 34. Qxb7 Rb8 35. Qxa7 Be5 36. Qa5+ Bc7 37. Qd2 Bb6 38. b4 Ra8 39. Rc1 Ra3 40. Nc5 Bxc5 41. bxc5 Qd5 42. c6 d3 43. c7+ Kc8 44. Rd1 Qd4 45. Qxh6 Re2 46. Qf8+ Kxc7 47. Qf4+ Qxf4 48. gxf4 Rb2 49. Bxd3 Raxa2 50. Bc4 Ra4 51. Rc1 Kd6 52. g3 Ke7 53. Rc3 Rab4 54. Kg2 Rd2 55. Ba6 Rbb2 56. Rf3 Ra2 57. Bc8 Kf6 58. g4 Rdc2 59. g5+ Kg6 60. Bg4 Rd2 61. Be6 Ra6 62. Re3 Rb6 63. Bb3 Kf5 64. Kg3 Rb4 65. Be6+ Kg6 66. Bg4 Rdd4 67. Re6+ Kg7 68. Rf6 Rb3+ 69. f3 Rb1 70. f5 Rg1+ 71. Kh3 Rh1+ 72. Kg2 Rh4 73. Rg6+ Kf7 74. Kg3 Rh1 75. Ra6 Rc1 76. Bh5+ Kg8 77. Ra8+ Kh7 78. Ra7+ Kg8 79. Kf2 Rc5 80. Ra8+ Kh7 81. Bg6+ Kg7 82. Ra7+ Kg8 83. Bf7+ Kf8 84. Be6 1-0

[Event "London IM"]
[Site "London"]
[Date "2023.12.07"]
[Round "6"]
[White "Pollack, Oscar"]
[Black "Cerveny, Martin"]
[Result "1/2-1/2"]
[WhiteElo "2118"]
[BlackElo "2390"]
[PlyCount "63"]
[EventDate "2023.12.05"]
[EventType "tourn"]
[EventRounds "9"]
[EventCountry "ENG"]
[SourceTitle "CBM 217 Extra"]
[Source "ChessBase"]
[SourceDate "2024.01.31"]
[SourceVersion "1"]
[SourceVersionDate "2024.01.31"]
[SourceQuality "1"]
[WhiteTeam "Norm Seeker"]
[BlackTeam "GM/IM Team"]
[WhiteTeamCountry "ENG"]
[BlackTeamCountry "ENG"]

1. e4 c5 2. Nf3 d6 3. d4 cxd4 4. Nxd4 Nf6 5. Nc3 a6 6. Bg5 e6 7. f4 Be7 8. Qf3 Nbd7 9. 0-0-0 Qc7 10. g4 h6 11. Bxf6 Bxf6 12. Bg2 Rb8 13. Rhe1 b5 14. Kb1 Qc5 15. e5 dxe5 16. Ne4 Qc7 17. Nc6 Be7 18. fxe5 Nxe5 19. Nxe5 Qxe5 20. Nd6+ Qxd6 21. Rxd6 Bxd6 22. Rd1 Ke7 23. Rxd6 Kxd6 24. Qc6+ Ke7 25. Qc5+ Kf6 26. Qd4+ e5 27. Qf2+ Ke7 28. Qc5+ Kf6 29. Qf2+ Ke7 30. Qc5+ Kf6 31. Qf2+ Ke7 32. Qc5+ 1/2-1/2

[Event "South Wales op 18th"]
[Site "Bridgend"]
[Date "2023.07.12"]
[Round "9"]
[White "Pollack, Oscar"]
[Black "Marusenko, Petr"]
[Result "1/2-1/2"]
[WhiteElo "2096"]
[BlackElo "2043"]
[PlyCount "70"]
[EventDate "2023.07.07"]
[EventType "swiss"]
[EventRounds "9"]
[EventCountry "WLS"]
[SourceTitle "CBM 215 Extra"]
[Source "ChessBase"]
[SourceDate "2023.09.30"]
[SourceVersion "1"]
[SourceVersionDate "2023.09.30"]
[SourceQuality "1"]

1. e4 c6 2. d4 d5 3. e5 c5 4. dxc5 e6 5. a3 Bxc5 6. b4 Be7 7. Nf3 a5 8. b5 Nd7 9. Bb2 Nh6 10. c4 dxc4 11. Bxc4 b6 12. Nbd2 Bb7 13. 0-0 0-0 14. Qe2 Nc5 15. Nb3 Rc8 16. Rfd1 Qc7 17. Rac1 Rfd8 18. Nbd4 Qb8 19. Nc6 Rxd1+ 20. Rxd1 Bxc6 21. bxc6 Rxc6 22. Nd4 Rc8 23. Bb5 Qb7 24. Bc1 Qe4 25. Qxe4 Nxe4 26. Nc6 Bc5 27. Be3 Kf8 28. Bxc5+ Nxc5 29. Na7 Ra8 30. Rd6 g6 31. Nc6 Nf5 32. Rd1 Ne7 33. Rd6 Nf5 34. Rd1 Ne7 35. Rd6 Nd5 1/2-1/2

[Event "BCF-chT2 2223 (4NCL)"]
[Site "England"]
[Date "2023.03.19"]
[Round "8.17"]
[White "Miller, Dominic"]
[Black "Pollack, Oscar"]
[Result "0-1"]
[WhiteElo "2124"]
[BlackElo "2098"]
[PlyCount "68"]
[EventDate "2022.10.22"]
[EventType "team-tourn"]
[EventRounds "11"]
[EventCountry "ENG"]
[SourceTitle "EXT 2024"]
[Source "ChessBase"]
[SourceDate "2023.10.10"]
[SourceVersion "1"]
[SourceVersionDate "2023.10.10"]
[SourceQuality "1"]
[WhiteTeam "Sussex Martlets"]
[BlackTeam "Barnet Knights"]
[WhiteTeamCountry "ENG"]
[BlackTeamCountry "ENG"]

1. e4 e6 2. d4 d5 3. Nc3 Bb4 4. e5 c5 5. a3 Bxc3+ 6. bxc3 Ne7 7. Qg4 Qc7 8. Qxg7 Rg8 9. Qxh7 cxd4 10. Ne2 Nbc6 11. f4 dxc3 12. Qd3 d4 13. Nxd4 Nxd4 14. Qxd4 Bd7 15. Rg1 Nf5 16. Qf2 Qc6 17. Bd3 Qd5 18. Be3 Bc6 19. g4 Nxe3 20. Qxe3 Rh8 21. h3 0-0-0 22. Kf2 Rh4 23. Rg3 Rdh8 24. Be2 Rxh3 25. Rag1 Rh2+ 26. Ke1 Rd8 27. Qxc3 Qe4 28. Re3 Qxf4 29. Rf1 Qg5 30. Rxf7 Qh4+ 31. Rg3 Rg2 32. Rff3 Kb8 33. Re3 Rg1+ 34. Bf1 Bb5 0-1

[Event "Hastings Masters op"]
[Site "Hastings"]
[Date "2023.01.06"]
[Round "10"]
[White "White, Stuart A"]
[Black "Pollack, Oscar"]
[Result "0-1"]
[WhiteElo "2021"]
[BlackElo "2112"]
[PlyCount "86"]
[EventDate "2022.12.28"]
[EventType "swiss"]
[EventRounds "10"]
[EventCountry "ENG"]
[SourceTitle "CBM 212 Extra"]
[Source "ChessBase"]
[SourceDate "2023.03.31"]
[SourceVersion "1"]
[SourceVersionDate "2023.03.31"]
[SourceQuality "1"]

1. Nf3 Nf6 2. c4 g6 3. d4 Bg7 4. Nc3 0-0 5. e4 d6 6. h3 e5 7. d5 Nh5 8. g3 f5 9. Bg2 Na6 10. 0-0 Nf6 11. exf5 gxf5 12. Bg5 Qe8 13. Nh4 Bd7 14. Qd2 Qf7 15. Bh6 f4 16. Bxg7 Qxg7 17. Qe1 Nb4 18. Rd1 Nc2 19. Qd2 Nd4 20. Kh2 Qh6 21. Ne2 Nxe2 22. Qxe2 e4 23. Bxe4 Rae8 24. Rd4 c5 25. dxc6 Bxc6 26. Nf5 Qg6 27. Nxd6 Nxe4 28. Nxe4 fxg3+ 29. fxg3 Rxf1 30. Qxf1 Rxe4 31. Rd8+ Re8 32. Rxe8+ Qxe8 33. Qd3 Qe5 34. Qd2 Qe4 35. Qg5+ Kf7 36. Qf4+ Qxf4 37. gxf4 a5 38. Kg3 Kg6 39. b3 Kf5 40. a3 b6 41. b4 a4 42. c5 b5 43. h4 h5 0-1

[Event "Hastings Masters op"]
[Site "Hastings"]
[Date "2023.01.03"]
[Round "7"]
[White "Pollack, Oscar"]
[Black "Franco, Gaston Nicolas"]
[Result "1/2-1/2"]
[WhiteElo "2112"]
[BlackElo "2051"]
[PlyCount "120"]
[EventDate "2022.12.28"]
[EventType "swiss"]
[EventRounds "10"]
[EventCountry "ENG"]
[SourceTitle "CBM 212 Extra"]
[Source "ChessBase"]
[SourceDate "2023.03.31"]
[SourceVersion "1"]
[SourceVersionDate "2023.03.31"]
[SourceQuality "1"]

1. e4 c5 2. Nf3 Nc6 3. Bb5 g6 4. Bxc6 dxc6 5. d3 Bg7 6. h3 b6 7. 0-0 e5 8. a3 Ne7 9. b4 cxb4 10. axb4 0-0 11. Bb2 Qc7 12. Nbd2 Be6 13. Ra3 f6 14. Qa1 Nc8 15. d4 exd4 16. Nxd4 Bd7 17. Rd1 Rf7 18. N4f3 h6 19. e5 f5 20. Nc4 Be6 21. Nd6 Re7 22. c4 c5 23. Nb5 Qb7 24. Rd8+ Kh7 25. Nd6 Qc7 26. Nxc8 Bxc8 27. Rad3 Bb7 28. Rxa8 Bxa8 29. bxc5 Bxf3 30. cxb6 axb6 31. Rxf3 Bxe5 32. Bxe5 Qxe5 33. Qxe5 Rxe5 34. Rd3 h5 35. Rb3 Re4 36. Rc3 Re5 37. Kf1 Rc5 38. Ke2 b5 39. Kd3 bxc4+ 40. Rxc4 Re5 41. f3 Kg7 42. h4 Re1 43. g4 fxg4 44. fxg4 hxg4 45. Rxg4 Kh6 46. Kd2 Re6 47. Kd3 Kh5 48. Rb4 Re1 49. Kd2 Rh1 50. Ke2 Rxh4 51. Rb5+ g5 52. Kf3 Rh3+ 53. Kg2 Ra3 54. Rb4 g4 55. Rb8 Kh4 56. Rh8+ Kg5 57. Rg8+ Kf4 58. Rf8+ Kg5 59. Rg8+ Kf4 60. Rf8+ Ke5 1/2-1/2

[Event "London Mindsports Blitz"]
[Site "London"]
[Date "2022.09.11"]
[Round "9.4"]
[White "Badacsonyi, Frankie"]
[Black "Pollack, Oscar"]
[Result "1-0"]
[WhiteElo "1770"]
[BlackElo "1877"]
[PlyCount "42"]
[EventDate "2022.09.11"]
[EventType "swiss (blitz)"]
[EventRounds "9"]
[EventCountry "ENG"]
[SourceTitle "CBM 210 Extra"]
[Source "ChessBase"]
[SourceDate "2022.11.30"]
[SourceVersion "1"]
[SourceVersionDate "2022.11.30"]
[SourceQuality "1"]

1. Nf3 d6 2. g3 e5 3. d3 Nc6 4. Bg2 f5 5. c4 Nf6 6. Nc3 g6 7. Rb1 a5 8. a3 Bg7 9. Bd2 0-0 10. Qc1 Bd7 11. Bh6 f4 12. Bxg7 Kxg7 13. b4 axb4 14. axb4 h6 15. gxf4 exf4 16. b5 Ne5 17. Qxf4 Nfg4 18. Qd4 Qf6 19. Qd5 c6 20. Qe4 Bf5 21. Qf4 g5 1-0

[Event "London Mindsports Blitz"]
[Site "London"]
[Date "2022.09.11"]
[Round "8.6"]
[White "Larski, Stanislav"]
[Black "Pollack, Oscar"]
[Result "0-1"]
[WhiteElo "2111"]
[BlackElo "1877"]
[PlyCount "156"]
[EventDate "2022.09.11"]
[EventType "swiss (blitz)"]
[EventRounds "9"]
[EventCountry "ENG"]
[SourceTitle "CBM 210 Extra"]
[Source "ChessBase"]
[SourceDate "2022.11.30"]
[SourceVersion "1"]
[SourceVersionDate "2022.11.30"]
[SourceQuality "1"]

1. e4 e6 2. d4 d5 3. Nc3 Bb4 4. e5 Ne7 5. Qg4 c5 6. a3 Qa5 7. Bd2 cxd4 8. Qxd4 Nbc6 9. Bb5 Bxc3 10. Bxc6+ Nxc6 11. Qxc3 Qxc3 12. Bxc3 d4 13. Bb4 Nxe5 14. Ne2 d3 15. Nd4 dxc2 16. 0-0 Nd3 17. Nb5 Nxb4 18. Nc7+ Kd8 19. Nxa8 Nd3 20. Rfd1 cxd1Q+ 21. Rxd1 Bd7 22. Rxd3 Kc8 23. Rc3+ Bc6 24. b4 Kb8 25. b5 Bxb5 26. Nc7 Bc6 27. Rg3 Kxc7 28. Rxg7 Be8 29. f4 h5 30. Kf2 Rh6 31. Rg8 Kd7 32. Kf3 Rg6 33. Rh8 f6 34. Rh7+ Kc6 35. Re7 Bd7 36. Rh7 Kd6 37. Rxh5 e5 38. fxe5+ fxe5 39. Ke3 Rxg2 40. Rh6+ Be6 41. Kf3 Ra2 42. a4 Rxa4 43. h4 Kd5 44. Ke3 Ra3+ 45. Ke2 Ke4 46. Rxe6 Rh3 47. Rh6 Rh2+ 48. Kf1 a5 49. Rh7 b5 50. Rb7 Rxh4 51. Rxb5 Rh1+ 52. Kg2 Ra1 53. Rb8 a4 54. Rb4+ Kd3 55. Kf3 e4+ 56. Kf2 e3+ 57. Kf3 Rf1+ 58. Kg2 e2 59. Rxa4 e1Q 60. Ra3+ Kc4 61. Ra4+ Kb5 62. Rg4 Rf2+ 63. Kh3 Qh1+ 64. Kg3 Qg2+ 65. Kh4 Qh2+ 66. Kg5 Qe5+ 67. Kh6 Rf6+ 68. Kh7 Qe7+ 69. Rg7 Rf7 70. Rxf7 Qxf7+ 71. Kh6 Qg8 72. Kh5 Qg7 73. Kh4 Qg6 74. Kh3 Kc4 75. Kh2 Kd3 76. Kh3 Ke3 77. Kh2 Kf2 78. Kh3 Qh5# 0-1

[Event "London Mindsports Blitz"]
[Site "London"]
[Date "2022.09.11"]
[Round "1.7"]
[White "Pollack, Oscar"]
[Black "Demelo, Caitano"]
[Result "1-0"]
[WhiteElo "1877"]
[BlackElo "1307"]
[PlyCount "97"]
[EventDate "2022.09.11"]
[EventType "swiss (blitz)"]
[EventRounds "9"]
[EventCountry "ENG"]
[SourceTitle "CBM 210 Extra"]
[Source "ChessBase"]
[SourceDate "2022.11.30"]
[SourceVersion "1"]
[SourceVersionDate "2022.11.30"]
[SourceQuality "1"]

1. d4 Nf6 2. Nc3 g6 3. e4 d6 4. Nf3 Bg7 5. h3 0-0 6. Be3 e5 7. dxe5 dxe5 8. Qxd8 Rxd8 9. Bc4 Nc6 10. Ng5 Rd7 11. 0-0 Re7 12. Rad1 h6 13. Nf3 g5 14. Bb3 Nh5 15. Nd5 Re8 16. Nxc7 Nf4 17. Bxf4 gxf4 18. Nxe8 Be6 19. Bxe6 fxe6 20. Nxg7 Kxg7 21. Rd7+ Kf6 22. Rxb7 Rc8 23. c3 Na5 24. Rxa7 Nc4 25. b3 Nb2 26. c4 h5 27. Rb1 Nd3 28. Rd1 Nc5 29. Nd2 Rg8 30. f3 Rd8 31. Kf2 Nd3+ 32. Ke2 Nc5 33. Nb1 Rg8 34. Kf2 h4 35. Nc3 Rb8 36. Rc7 Nb7 37. Rdd7 Rf8 38. Rxb7 Kg6 39. a4 Rg8 40. a5 Rf8 41. a6 Rg8 42. a7 Rf8 43. Rb8 Rf6 44. Rg8+ Kh5 45. Rh7+ Rh6 46. Rxh6+ Kxh6 47. a8Q Kh5 48. Qe8+ Kh6 49. Qg6# 1-0